00506cam a22001934a 45000010009000000050017000090080041000260100017000670200036000840400018001200410008001380420008001460800014001540820018001681000006001861010008001922450087002002460025002871351846220180207045016.0040311s2004 njua 001 0 eng  a 2004005764 a0471269115 (cloth : alk. paper) aDLCcDLCdDLC aeng apcc a613 MIC00a613 MIC222 a3 aSHM00aAmerican Medical Association family medical guide /cAmerican Medical Association.30aFamily medical guide